000 00507nam a22001937a 4500
999 _c7335
_d7335
003 Ost
005 20190824101625.0
008 190824b ||||| |||| 00| 0 eng d
020 _a9780753541630
040 _cBT-PhCST
050 _a23066
082 _222
_a658.4092082
_bSAN
100 _aSandberg, Sheryl.
245 _aLean in :
_bwomen, work, and the will to lead /
260 _aLondon :
_bWH Allen,
_cc2015.
300 _axi, 232 p. :
_bill. ;
_c21 cm.
500 _aIncludes index.
942 _2ddc
_cF